Harry Potter Creatures by Picture #1 - Statistics

General Stats
  • This quiz has been taken 67 times
  • The average score is 9 of 16
Answer Stats
Picture Answer % Correct
House-elf
98%
Phoenix
98%
Hippogriff
93%
Acromantula
91%
Centaur
91%
Unicorn
89%
Basilisk
87%
Niffler
71%
Yeti
69%
Bowtruckle
51%
Kneazle
51%
Mooncalf
27%
Red Cap
16%
Ashwinder
7%
Billywig
7%
Augurey
2%
No matching quizzes found
Score Distribution
Percent of People with Each Score
Percentile by Number Answered
Your Score History
You have not taken this quiz